00815nam a22002417a 4500003000500000005001700005008004100022010001000063011001000073020001500083035001100098040000900109082002200118100002600140245014800166260005700314300002000371490004800391650003300439650003200472700002100504830004800525CHAP20220329143505.0080125s1992 mx a r 00010 spa d a97434 a98406 a9683627234 a109091 cCHAP14a580.74097252bP961 aPulido, Ma. Teresa P.10aGuía ilustrada de las plantas del cerro Tetzcutzingo :bespecies comunes en el Valle de Méxicoc/por Ma. Teresa P. Pulido y Stephen D. Koch aMéxico, D.F. :bUNAM, Instituto de Biologia,c1992 a237 p. :bilus. 0aCuadernos del Instituto de Biologíav; 1714aBotánicaxClasificación.14aBotánicaxMéxico (Edo.)0 aKoch, Stephen D.0 aCuadernos del Instituto de Biologíav; 17